| 000 | 00623nam a22001697a 4500 | ||
|---|---|---|---|
| 008 | 150824b xxu||||| |||| 00| 0 eng d | ||
| 020 | _a9789968530224 | ||
| 082 |
_a769.559.728.6 _bC251p |
||
| 100 |
_aCapra Ramos, Eric Manuel _93384 |
||
| 245 |
_aPapel moneda en tiempo de guerra _b1856-1857 _cEric Ml. Capra Ramos |
||
| 260 |
_aSan José, Costa Rica: _b Museos Banco Central _c2014 |
||
| 300 |
_a56 p. _bill. (col.) ; _c22 cm. |
||
| 650 |
_aNumismática costarricense _93385 |
||
| 650 |
_aMoneda _vHistoria _zCosta Rica _93386 |
||
| 650 |
_aBilletes de Banco _zCosta Rica _93387 |
||
| 650 |
_aPapel Moneda _vHistoria _zCosta Rica _93388 |
||
| 999 |
_c722 _d722 |
||